• 首页
  • 本馆介绍
  • 公告通知
  • 最新文献
  • 馆藏检索
  • 电子资源
  • 读者导购
  • 参考咨询
  • 我的图书馆
  • 登录
  • 期刊详细显示
  • 现刊情况显示
  • 合订本情况显示
  • 篇目信息显示

期刊信息

  • 表格格式
  • 工作单格式
  • 卡片格式
索取号 
F7/HF
题名 
哈佛商业评论
作者 
分册号 
分册名 
出版地 
北京
出版者 
财经传媒集团
标准刊号 
1671-4725
出版频率 
季刊
中图法分类 
F7
主题词 
商业经济
电子资源 
000 00565nam0 2200217 450
001 1552586030
005 20161228162047.17
011    @a1671-4725@dCNY150.00(2016)
091    @aCN1-4568
092    @b80-689
100    @a20151228d km y0chiy0120 ea
101 0  @achi
102    @aCN@b110000
200 1  @a哈佛商业评论@AHa Fo Shang Ye Ping Lun
210    @a北京@c财经传媒集团
326    @a季刊
512    @a财经·哈佛商业评论@ACai Jing·Ha Fo Shang Ye Ping Lun
606 0  @a商业经济
690    @aF7@v4
801  0 @aCN@bNISOFT@c20161228
905    @dF7@eHF@y2016~
    
    哈佛商业评论.-北京:财经传媒集团
    
    ←封面题名:财经·哈佛商业评论
    
    ISSN 1671-4725:CNY150.00(2016)
    
●
相关链接: 在易读查询期刊 在中国知网中查询期刊 在万方数据查询期刊 在维普查询期刊
唐山师范学院图书馆 欢迎您!
大连网信软件有限公司© 版权所有